000
00302nam a2200109Ia 4500
008
200302s9999 xx 000 0 und d
100
_a
Gabriel Campanario
245
_a
The urban sketching handbook people and motion tips and techniques
260
_b
Quarrey books Ltd.
260
_c
2014
300
_a
112
999
_c
6966
_d
6966